| 000 | 01270nam a22002177a 4500 | ||
|---|---|---|---|
| 005 | 20250716132934.0 | ||
| 008 | th tha d | ||
| 040 | _aNALT | ||
| 041 | _atha | ||
| 090 | _aELR 11/2 | ||
| 100 | 0 |
_aศตพล วรปัญญาตระกูล _93094 |
|
| 245 | 1 | 0 |
_aการจัดทำข้อมูลเผยแพร่เพื่อส่งเสริมและพัฒนาความเป็นพลเมืองในระบอบประชาธิปไตย / _cศตพล วรปัญญาตระกูล. |
| 246 | 3 | 0 | _aผลงานที่เป็นข้อเสนอแนวคิดในการปรับปรุงหรือพัฒนา (ระดับเชี่ยวชาญ) |
| 260 |
_aกรุงเทพฯ : _bสำนักงานเลขาธิการสภาผู้แทนราษฎร, _cม.ป.ป. |
||
| 300 |
_a1 เล่ม ; _c29 ซม. |
||
| 650 | 4 |
_aการเผยแพร่ประชาธิปไตย _93102 _xการจัดทำข้อมูล |
|
| 850 | _aNALT | ||
| 856 | 4 | 0 | _uhttps://hdl.handle.net/20.500.14156/527184 |
| 942 |
_cIS _010 _2local |
||
| 996 |
_akanyakorn.i _bLIBSTF _c2025-07-16 |
||
| 999 |
_c76098 _d76098 |
||
| 998 |
_j9013 _k กัลยกร อิ่มสาย |
||